000 00197 a2200097 4500
001 870
100 _aFink,W.G
245 _aTelevision engineering
260 _a
_bMcgrawhill
_c
090 _c461
_d461
942 _aNUST-CAE
_cM
_c30945
999 _c235943
_d235943